00660nam a2200181 i 450000100060000000300090000600500170001500700030003200800410003510000360007624501040011226000340021630000220025070000310027285200320030399900170033595201260035266261ES-MaACL20230906165600.0t|040130s1960 sp ||||1| spa d1 aGalbraith, John Kenneth.95334513aLa sociedad opulenta / cpor John Kenneth Galbraith ; [versión castellana por Carlos Grau Petit]. aBarcelona : bAriel, c[1960] a347 p. ; c25 cm.1 aGrau Petit, Carlos.959758 aES-MaACLjC-20493 bR.48879 c66261d66261 00104070aATENEOMbATENEOMcGaleríad2008-01-17eSCl0oC-20493p1069419r2023-02-23 00:00:00w2023-02-23yMONOGRAFIA